000 00278nam a22001217a 4500
008 181102b xxu||||| |||| 00| 0 eng d
041 _aeng
080 _a338
100 _a51
101 _aFIN
245 _aFinancial Analysis Finanacial Market
_cJohn.M S
942 _2udc
_cBK
999 _c51738
_d51738